<?xml version="1.0" encoding="UTF-8"?>
<record
    xmlns:xsi="http://www.w3.org/2001/XMLSchema-instance"
    xsi:schemaLocation="http://www.loc.gov/MARC21/slim http://www.loc.gov/standards/marcxml/schema/MARC21slim.xsd"
    xmlns="http://www.loc.gov/MARC21/slim">

  <leader>01739nam a2200229Ia 4500</leader>
  <datafield tag="952" ind1=" " ind2=" ">
    <subfield code="0">0</subfield>
    <subfield code="1">0</subfield>
    <subfield code="2">lcc</subfield>
    <subfield code="4">0</subfield>
    <subfield code="7">0</subfield>
    <subfield code="a">11</subfield>
    <subfield code="b">11</subfield>
    <subfield code="d">2007-01-08</subfield>
    <subfield code="l">12</subfield>
    <subfield code="o">HA29 P3418 1999</subfield>
    <subfield code="p">11 004589</subfield>
    <subfield code="r">2019-08-28</subfield>
    <subfield code="s">2019-08-28</subfield>
    <subfield code="t">1</subfield>
    <subfield code="w">2012-06-26</subfield>
    <subfield code="y">LB</subfield>
  </datafield>
  <datafield tag="952" ind1=" " ind2=" ">
    <subfield code="0">0</subfield>
    <subfield code="1">0</subfield>
    <subfield code="2">lcc</subfield>
    <subfield code="4">0</subfield>
    <subfield code="7">0</subfield>
    <subfield code="a">11</subfield>
    <subfield code="b">11</subfield>
    <subfield code="d">2007-01-08</subfield>
    <subfield code="l">14</subfield>
    <subfield code="m">1</subfield>
    <subfield code="o">HA29 P3418 1999</subfield>
    <subfield code="p">11 004590</subfield>
    <subfield code="r">2022-04-18</subfield>
    <subfield code="s">2022-04-07</subfield>
    <subfield code="t">2</subfield>
    <subfield code="w">2012-06-26</subfield>
    <subfield code="y">LB</subfield>
  </datafield>
  <datafield tag="952" ind1=" " ind2=" ">
    <subfield code="0">0</subfield>
    <subfield code="1">0</subfield>
    <subfield code="2">lcc</subfield>
    <subfield code="4">0</subfield>
    <subfield code="7">0</subfield>
    <subfield code="a">11</subfield>
    <subfield code="b">11</subfield>
    <subfield code="d">2007-01-08</subfield>
    <subfield code="l">13</subfield>
    <subfield code="m">1</subfield>
    <subfield code="o">HA29 P3418 1999</subfield>
    <subfield code="p">11 004591</subfield>
    <subfield code="r">2022-05-16</subfield>
    <subfield code="s">2022-05-05</subfield>
    <subfield code="t">3</subfield>
    <subfield code="w">2012-06-26</subfield>
    <subfield code="y">LB</subfield>
  </datafield>
  <datafield tag="952" ind1=" " ind2=" ">
    <subfield code="0">0</subfield>
    <subfield code="1">0</subfield>
    <subfield code="2">lcc</subfield>
    <subfield code="4">0</subfield>
    <subfield code="7">0</subfield>
    <subfield code="a">11</subfield>
    <subfield code="b">11</subfield>
    <subfield code="d">2016-06-16</subfield>
    <subfield code="l">2</subfield>
    <subfield code="o">HA29 P3418 1999</subfield>
    <subfield code="p">11 003661</subfield>
    <subfield code="r">2016-11-07</subfield>
    <subfield code="s">2016-11-07</subfield>
    <subfield code="t">4</subfield>
    <subfield code="w">2016-06-16</subfield>
    <subfield code="y">LB</subfield>
  </datafield>
  <datafield tag="999" ind1=" " ind2=" ">
    <subfield code="c">70877</subfield>
    <subfield code="d">70877</subfield>
  </datafield>
  <controlfield tag="008">120626s1999    mx            000 0 spa d</controlfield>
  <datafield tag="020" ind1=" " ind2=" ">
    <subfield code="a">9687529830</subfield>
  </datafield>
  <datafield tag="050" ind1=" " ind2=" ">
    <subfield code="a">HA29 </subfield>
    <subfield code="b">P3418 1999</subfield>
  </datafield>
  <datafield tag="100" ind1=" " ind2=" ">
    <subfield code="a">Pagano, Robert R.</subfield>
    <subfield code="d">autor</subfield>
  </datafield>
  <datafield tag="240" ind1="1" ind2="0">
    <subfield code="a">Understanding statistics in the behavioral sciences. </subfield>
    <subfield code="l">Espa&#xF1;ol </subfield>
  </datafield>
  <datafield tag="245" ind1=" " ind2=" ">
    <subfield code="a">Estad&#xED;stica para las ciencias del  comportamiento</subfield>
    <subfield code="c"> / Robert R. Pagano; traductor Oscar Alfredo Palmas Velasco</subfield>
  </datafield>
  <datafield tag="250" ind1=" " ind2=" ">
    <subfield code="a">5a. ed.</subfield>
  </datafield>
  <datafield tag="260" ind1=" " ind2=" ">
    <subfield code="a">Mexico</subfield>
    <subfield code="b">: International  Thomson</subfield>
    <subfield code="c">1999</subfield>
  </datafield>
  <datafield tag="300" ind1=" " ind2=" ">
    <subfield code="a">548 p&#xE1;ginas </subfield>
    <subfield code="b">: ilustraciones </subfield>
  </datafield>
  <datafield tag="500" ind1=" " ind2=" ">
    <subfield code="a">de: Understanding statistics in the behavioral sciences, 5th edition</subfield>
  </datafield>
  <datafield tag="500" ind1=" " ind2=" ">
    <subfield code="a">Incluye: Ap&#xE9;ndices, Glosario e &#xCD;ndice</subfield>
  </datafield>
  <datafield tag="505" ind1=" " ind2=" ">
    <subfield code="a">La estad&#xED;stica y el m&#xE9;todo cient&#xED;fico  
Conceptos matem&#xE1;ticos y de medici&#xF3;n b&#xE1;sicos  
Distribuciones de frecuencia  
Medidas de tendencia central y variabilidad  
La curva normal y los puntajes est&#xE1;ndar  
Correlaci&#xF3;n  
Regresi&#xF3;n lineal  
Muestreo aleatorio y probabilidad  
Distribuci&#xF3;n binomial  
Introducci&#xF3;n a la prueba de hip&#xF3;tesis mediante la prueba del signo  
Prueba U de Mann Whitney  
Distribuciones muestrales, distribuci&#xF3;n muestral de la medida, la prueba (z) de la desviaci&#xF3;n normalizada   
Prueba t de student para una muestra  
Prueba t de student para grupos correlacionados e independiente  
Introducci&#xF3;n al an&#xE1;lisis de  varianza  
Comparaciones m&#xFA;ltiples  
Introducci&#xF3;n al an&#xE1;lisis de la varianza de dos v&#xED;as de dos factores  
Ji-cuadrada y otras pruebas no param&#xE9;tricas  
Repaso de estad&#xED;stica inferencial  
</subfield>
  </datafield>
  <datafield tag="519" ind1=" " ind2=" ">
    <subfield code="a">Material complementario</subfield>
    <subfield code="d">(11 003661)</subfield>
  </datafield>
  <datafield tag="650" ind1=" " ind2=" ">
    <subfield code="a">CIENCIAS SOCIALES</subfield>
    <subfield code="x">M&#xC9;TODOS ESTAD&#xCD;STICOS</subfield>
  </datafield>
  <datafield tag="700" ind1=" " ind2=" ">
    <subfield code="a">Palmas Velasco, Oscar Alfredo</subfield>
    <subfield code="c">traductor</subfield>
  </datafield>
  <datafield tag="942" ind1=" " ind2=" ">
    <subfield code="c">LB</subfield>
  </datafield>
</record>
